[Event "ICS rated blitz match"]
[Site "204.178.125.65"]
[Date "2001.01.14"]
[Round "?"]
[White "WICKER-MAN"]
[Black "Hossa"]
[Result "0-1"]
[WhiteElo "2142"]
[BlackElo "2577"]
[PlyCount "47"]
[EventDate "2001.??.??"]

1. e4 e5 2. d4 exd4 3. c3 d5 4. exd5 Qxd5 5. cxd4 Nc6 6. Nf3 Bg4 7. Nc3 Qf5 8.
Be2 O-O-O 9. Be3 Nf6 10. O-O Bb4 11. a3 Bc5 12. Qa4 Bxf3 13. Bxf3 Nxd4 14. Bxd4
Bxd4 15. Nb5 Qe5 16. Nxa7+ Kb8 17. Nb5 Qf4 18. Rad1 Bxf2+ 19. Kh1 Qxa4 20. Nc3
Rxd1 21. Bxd1 Qh4 22. Bf3 Rd8 23. Ne2 Rd2 24. g3 {WICKER-MAN resigns} 0-1

[Event "ICS rated blitz match"]
[Site "204.178.125.65"]
[Date "2001.01.14"]
[Round "?"]
[White "Hossa"]
[Black "PostModernist"]
[Result "0-1"]
[WhiteElo "2579"]
[BlackElo "2570"]
[PlyCount "156"]
[EventDate "2001.??.??"]

1. Nf3 Nf6 2. c4 g6 3. g3 Bg7 4. Bg2 O-O 5. O-O d6 6. d4 Nc6 7. d5 Na5 8. Na3
c5 9. Bf4 b6 10. Qc1 Ba6 11. Bd2 Rb8 12. Ng5 Nb7 13. Bc3 Qd7 14. Bh3 Qe8 15.
Qc2 Nd8 16. Qd3 h6 17. Nf3 e5 18. dxe6 Nxe6 19. Rfd1 d5 20. e3 Rd8 21. Qe2 d4
22. Be1 Bb7 23. Bg2 Be4 24. Qf1 Nh7 25. Nh4 Bxg2 26. Qxg2 d3 27. f4 Nc7 28. e4
Bd4+ 29. Kh1 Bf6 30. e5 Bxh4 31. gxh4 Ne6 32. Bd2 Ng7 33. Nb5 Qe6 34. h5 Nxh5
35. Nxa7 Rd7 36. Nb5 Qxc4 37. Nd6 Qe6 38. Bc1 c4 39. b3 b5 40. a4 cxb3 41. axb5
Rc7 42. Qf3 Rc2 43. Bd2 g5 44. Qxh5 Qd5+ 45. Kg1 Qd4+ 46. Kh1 Rxd2 47. Re1 Rf2
48. Rad1 Qd5+ 49. Ne4 Rxf4 50. Re3 Rxe4 51. Qf3 Rxe5 52. Qxd5 Rxd5 53. Rexd3
Rxb5 54. Rb1 b2 55. Rd2 Rfb8 56. Rf2 f5 57. Rc2 Nf6 58. Kg1 f4 59. Re2 Nd5 60.
Rc2 Ne3 61. Re2 Nc4 62. Kf2 Na3 63. Rbe1 b1=Q 64. Rxb1 Rxb1 65. Kf3 R1b2 66.
Re6 Rxh2 67. Ra6 Nc2 68. Rd6 Ne1+ 69. Ke4 f3 70. Ra6 Rh4+ 71. Kd5 f2 72. Rf6
Rf4 73. Rxh6 f1=Q 74. Rg6+ Kf8 75. Rg8+ Kxg8 76. Kc6 Qa6+ 77. Kc7 Rf7+ 78. Kxb8
Qb7# {Hossa checkmated} 0-1

[Event "ICS rated blitz match"]
[Site "204.178.125.65"]
[Date "2001.01.14"]
[Round "?"]
[White "Hossa"]
[Black "Tinker"]
[Result "1/2-1/2"]
[WhiteElo "2563"]
[BlackElo "2469"]
[PlyCount "223"]
[EventDate "2001.??.??"]

1. e4 Nf6 2. e5 Nd5 3. d4 d6 4. Nf3 Nb6 5. Be2 g6 6. a4 dxe5 7. Nxe5 e6 8. a5
Nd5 9. a6 f6 10. axb7 Bxb7 11. Nc4 Nc6 12. O-O Rg8 13. Bg4 f5 14. Bf3 Qd7 15.
Re1 h6 16. c3 Bg7 17. Qb3 O-O-O 18. Qa4 a6 19. b4 Kb8 20. b5 axb5 21. Qxb5 Nxd4
22. Qb2 Nxf3+ 23. gxf3 g5 24. Qa2 Nxc3 25. Qa7+ Kc8 26. Bb2 Bd4 27. Qa5 Nxb1
28. Rexb1 g4 29. Rd1 gxf3+ 30. Kh1 Qg7 31. Rg1 Qf8 32. Rxg8 Qxg8 33. Rg1 Qe8
34. Bxd4 Rxd4 35. Nb6+ cxb6 36. Qc3+ Bc6 37. Qxd4 b5 38. Rg7 Qd8 39. Qa7 Qd1+
40. Rg1 Qd8 41. Qa6+ Kd7 42. Rg7+ Kd6 43. Qa3+ Ke5 44. Qc3+ Kd6 45. Qd3+ Bd5
46. Qxb5 f4 47. Rf7 Qg5 48. Qb4+ Ke5 49. Rg7 Qf6 50. Rg8 h5 51. Kg1 Qh4 52.
Qb2+ Kf5 53. Qc2+ Ke5 54. Qc3+ Ke4 55. Qg7 Qg4+ 56. Qxg4 hxg4 57. Rxg4 Kf5 58.
Rg8 e5 59. Rf8+ Kg4 60. h3+ Kxh3 61. Rf5 Bc6 62. Rxe5 Kh4 63. Re6 Bd5 64. Rg6
Bc4 65. Kh2 Bd3 66. Rg8 Kh5 67. Kg1 Be2 68. Kh1 Kh4 69. Kh2 Bd3 70. Rg7 Kh5 71.
Kg1 Be2 72. Kh1 Kh4 73. Rg6 Bf1 74. Rg1 Bg2+ 75. Kh2 Kh5 76. Rb1 Kg6 77. Rb3
Kf5 78. Kg1 Ke4 79. Rb4+ Ke5 80. Rb5+ Kd4 81. Rf5 Ke4 82. Rh5 Kd3 83. Rh6 Kd4
84. Rh4 Ke4 85. Rh8 Kd5 86. Rh5+ Kd4 87. Rh4 Ke4 88. Rh7 Kd5 89. Rd7+ Ke5 90.
Re7+ Kd4 91. Kh2 Kd5 92. Rd7+ Ke5 93. Rd1 Ke4 94. Ra1 Kd4 95. Re1 Kd5 96. Re7
Bf1 97. Rd7+ Ke6 98. Rd8 Bg2 99. Rc8 Kd5 100. Rb8 Bf1 101. Re8 Kd4 102. Re6 Bg2
103. Rd6+ Ke5 104. Rc6 Ke4 105. Rf6 Bf1 106. Rf7 Ke5 107. Rg7 Bg2 108. Rg5+ Kd4
109. Rf5 Ke4 110. Rc5 Kd3 111. Kg1 Kd4 112. Rc7 {Game drawn by the 50 move rule
} 1/2-1/2

[Event "ICS Rated blitz match"]
[Site "204.178.125.65"]
[Date "2001.01.14"]
[Round "?"]
[White "PostModernist"]
[Black "Hossa"]
[Result "1/2-1/2"]
[WhiteElo "2572"]
[BlackElo "2559"]
[PlyCount "211"]
[EventDate "2001.??.??"]

1. d4 d5 2. Nf3 Nf6 3. e3 c6 4. c4 Bf5 5. cxd5 cxd5 6. Qb3 Qc7 7. Nc3 Nc6 8.
Bd2 e6 9. Rc1 a6 10. Ne5 Bd6 11. Nxc6 bxc6 12. Na4 Ne4 13. Qb6 Nxd2 14. Qxc7
Bxc7 15. Kxd2 e5 16. Rxc6 Ba5+ 17. Nc3 Rb8 18. b3 exd4 19. exd4 Rc8 20. Rxc8+
Bxc8 21. Kc2 Bb6 22. Nxd5 Bxd4 23. Bxa6 Bxa6 24. Nc7+ Ke7 25. Re1+ Kd6 26. Nxa6
Bxf2 27. Rf1 Bh4 28. Rxf7 Ra8 29. Rxg7 Rxa6 30. Rxh7 Rc6+ 31. Kd1 Bg5 32. a4
Rc1+ 33. Ke2 Bf6 34. Rb7 Be5 35. h4 Rh1 36. Rb6+ Kd7 37. Rh6 Rb1 38. a5 Rxb3
39. a6 Ra3 40. Rh7+ Kc6 41. Ra7 Kb6 42. Re7 Bd6 43. Rd7 Bc5 44. h5 Kc6 45. Rd8
Rxa6 46. h6 Ra2+ 47. Kf3 Rf2+ 48. Ke4 Rf7 49. g4 Bd6 50. g5 Rf4+ 51. Kd3 Rh4
52. g6 Rxh6 53. g7 Rg6 54. g8=Q Rxg8 55. Rxg8 Kb6 56. Kc4 Ka7 57. Kd5 Bc7 58.
Kc6 Be5 59. Rg5 Bc3 60. Rb5 Ka8 61. Kb6 Bd4+ 62. Ka6 Be3 63. Re5 Bf4 64. Re8+
Bb8 65. Re7 Bd6 66. Rg7 Be5 67. Rg8+ Bb8 68. Rg6 Bc7 69. Rg4 Bh2 70. Kb6 Be5
71. Re4 Bg3 72. Re8+ Bb8 73. Kc6 Ka7 74. Re7+ Ka8 75. Re1 Bf4 76. Re4 Bg3 77.
Rb4 Bh2 78. Ra4+ Kb8 79. Rc4 Ka7 80. Rh4 Bg1 81. Ra4+ Kb8 82. Rb4+ Ka8 83. Rg4
Bf2 84. Kc7 Be3 85. Ra4+ Ba7 86. Kc6 Kb8 87. Rb4+ Ka8 88. Kc7 Bg1 89. Rb2 Be3
90. Ra2+ Ba7 91. Kc6 Kb8 92. Rb2+ Ka8 93. Re2 Bd4 94. Re8+ Ka7 95. Re4 Bf2 96.
Ra4+ Kb8 97. Ra5 Bg1 98. Rb5+ Ka8 99. Rg5 Bf2 100. Ra5+ Kb8 101. Rb5+ Ka7 102.
Rb7+ Ka8 103. Rb1 Bd4 104. Kd5 Bc3 105. Rd1 Bb2 106. Kd6 {
Game drawn by the 50 move rule} 1/2-1/2

[Event "ICS rated blitz match"]
[Site "204.178.125.65"]
[Date "2001.01.14"]
[Round "?"]
[White "Tinker"]
[Black "Hossa"]
[Result "0-1"]
[WhiteElo "2473"]
[BlackElo "2560"]
[PlyCount "124"]
[EventDate "2001.??.??"]

1. d4 d5 2. Bg5 Nf6 3. Nf3 Ne4 4. h4 Nxg5 5. Nxg5 e6 6. Nc3 c6 7. Qd2 Bb4 8. e3
f6 9. Nf3 Nd7 10. a3 Bd6 11. e4 Qc7 12. g3 O-O 13. O-O-O b5 14. exd5 exd5 15.
Bd3 a5 16. Qe3 Nb6 17. Be2 b4 18. Nb1 Bf5 19. Nfd2 bxa3 20. bxa3 Rab8 21. Qf3
Qd7 22. g4 Be6 23. Rde1 f5 24. g5 Na4 25. h5 c5 26. dxc5 Nxc5 27. g6 h6 28. Bf1
Rfc8 29. Kd1 d4 30. Bd3 Rb2 31. Rxe6 Nxe6 32. Bxf5 Rcb8 33. c3 dxc3 34. Nxc3
Be5 35. Bxe6+ Qxe6 36. Re1 Rd8 37. Qf7+ Qxf7 38. gxf7+ Kxf7 39. Rxe5 Rdxd2+ 40.
Ke1 Rd3 41. Na4 Rb1+ 42. Ke2 Rxa3 43. Nc5 Rb2+ 44. Kf1 Rf3 45. Ne4 a4 46. Kg2
Ra3 47. Nd6+ Kf6 48. Re1 Rd3 49. Ne4+ Kf5 50. Nc5 Ra3 51. Re4 Rc2 52. Rxa4 Rxa4
53. Nxa4 Kg4 54. Nb6 Rc5 55. Kf1 Kf3 56. Ke1 Re5+ 57. Kd1 Kxf2 58. Kc2 Rxh5 59.
Nd7 Rf5 60. Kb1 h5 61. Ka1 h4 62. Kb1 h3 {Tinker resigns} 0-1

[Event "ICS rated blitz match"]
[Site "204.178.125.65"]
[Date "2001.01.14"]
[Round "?"]
[White "Hossa"]
[Black "Tinker"]
[Result "0-1"]
[WhiteElo "2572"]
[BlackElo "2461"]
[PlyCount "146"]
[EventDate "2001.??.??"]

1. e4 c5 2. Bc4 Nc6 3. Nf3 d6 4. O-O g6 5. d4 cxd4 6. Nxd4 e5 7. Nb5 h6 8. Be3
Nf6 9. Qd3 a6 10. N5c3 Bd7 11. Nd5 Nxd5 12. Qxd5 Be6 13. Qd3 Nb4 14. Qb3 Bxc4
15. Qxc4 d5 16. Qb3 Qc7 17. c3 d4 18. cxb4 dxe3 19. Nc3 Be7 20. fxe3 O-O 21.
Nd5 Qd6 22. Rad1 Qe6 23. b5 Bg5 24. bxa6 Rxa6 25. Qxb7 Rxa2 26. Rf2 Bh4 27. g3
Raa8 28. Rdf1 Rab8 29. Qa7 Ra8 30. Qb6 Bg5 31. Qc7 Rac8 32. Qb7 Rb8 33. Qa7 Ra8
34. Qb7 Rab8 35. Nc7 Qc4 36. Qa7 Qxe4 37. Re1 Rfc8 38. h4 Bxh4 39. gxh4 Rb7 40.
Qa6 Rcxc7 41. Qf6 Rc6 42. Qd8+ Kg7 43. Qe8 Rc4 44. h5 Qg4+ 45. Rg2 Qxh5 46. e4
Rcb4 47. Rf1 Rxe4 48. Qc6 Rh4 49. Rg3 Rc7 50. Qf6+ Kh7 51. Qf3 Qxf3 52. Rfxf3
Rb4 53. Rf2 f5 54. b3 h5 55. Re2 Rb5 56. Reg2 Rc1+ 57. Kh2 Rc6 58. Rh3 Kh6 59.
Rhg3 f4 60. Rd3 e4 61. Rd8 f3 62. Rb2 Rf6 63. Kg1 Rg5+ 64. Kf1 e3 65. Rh8+ Kg7
66. Re8 f2 67. Re7+ Kf8 68. Rh7 e2+ 69. Kxe2 f1=Q+ 70. Kd2 Qg2+ 71. Kc3 Rf3+
72. Kb4 Qg4+ 73. Ka3 Ra5# {Hossa checkmated} 0-1

[Event "ICS rated blitz match"]
[Site "204.178.125.65"]
[Date "2001.01.14"]
[Round "?"]
[White "Valg"]
[Black "Hossa"]
[Result "1/2-1/2"]
[WhiteElo "2881"]
[BlackElo "2551"]
[PlyCount "282"]
[EventDate "2001.??.??"]

1. d4 d5 2. c4 e6 3. Nc3 Nf6 4. Bg5 Be7 5. e3 O-O 6. Nf3 h6 7. Bh4 b6 8. Rc1
Bb7 9. cxd5 Nxd5 10. Bxe7 Qxe7 11. Be2 Nxc3 12. Rxc3 c5 13. dxc5 bxc5 14. Qc2
Nd7 15. O-O Rab8 16. Rd1 Bc6 17. Ra3 Nf6 18. Nd2 Rfd8 19. Nb3 Rxd1+ 20. Bxd1
Rb5 21. Be2 Be4 22. Qc1 Rb6 23. Nxc5 Bg6 24. Ra4 e5 25. Rc4 Ne8 26. f3 Nd6 27.
Rc3 e4 28. f4 Bf5 29. Nb3 Ne8 30. Rc5 Bd7 31. Re5 Re6 32. Ra5 Rc6 33. Qb1 Rc7
34. Re5 Qf8 35. Qxe4 Nf6 36. Qd3 Qb4 37. Qd1 Rc8 38. Ba6 Rb8 39. Bd3 Be6 40.
Bc2 Bxb3 41. Bxb3 Ng4 42. Rd5 Nxe3 43. Rd8+ Rxd8 44. Qxd8+ Qf8 45. Qc7 Qa8 46.
Qxf7+ Kh7 47. Bc2+ Nxc2 48. Qf5+ Kh8 49. Qxc2 Qd5 50. Kf2 Qxa2 51. Qc8+ Kh7 52.
Qf5+ Kg8 53. Qe5 Qb1 54. Qd5+ Kh7 55. b3 a5 56. h4 Qb2+ 57. Kf3 Qc3+ 58. Kg4
Qb2 59. Kf3 Qc3+ 60. Kg4 Qb2 61. Qe4+ Kh8 62. Qf3 Qd4 63. h5 Qd7+ 64. Kg3 Qe6
65. Kf2 Qb6+ 66. Qe3 Qd8 67. g4 Qh4+ 68. Qg3 Qf6 69. Qf3 Qb2+ 70. Kg3 Qd4 71.
Qa8+ Kh7 72. Qh1 Kg8 73. Qc1 Qd3+ 74. Kf2 Qxb3 75. Qc8+ Kh7 76. Qf5+ Kg8 77.
Qxa5 Qc2+ 78. Kg3 Qd3+ 79. Kh4 Qe3 80. Qa2+ Kh8 81. Qh2 Qe1+ 82. Kh3 Qe3+ 83.
Qg3 Qe2 84. f5 Kh7 85. Qc3 Qf1+ 86. Kg3 Qg1+ 87. Kf4 Qh2+ 88. Qg3 Qd2+ 89. Qe3
Qh2+ 90. Ke4 Qg2+ 91. Qf3 Qb2 92. Kf4 Qb8+ 93. Ke3 Qb6+ 94. Ke2 Qb2+ 95. Kf1
Qc2 96. Qe2 Qa4 97. Kg2 Qc6+ 98. Qf3 Qc2+ 99. Kh3 Qb1 100. Qe3 Qd1 101. Kg3
Qd6+ 102. Kg2 Qd1 103. Qe4 Qd2+ 104. Kg3 Qc3+ 105. Kf2 Qd2+ 106. Kg3 Qc3+ 107.
Qf3 Qe1+ 108. Kh2 Qb4 109. Kg3 Qe1+ 110. Kh2 Qb4 111. Qe2 Qb8+ 112. Kh3 Qb3+
113. Kh4 Qb7 114. Qd2 Qf3 115. Qc2 Qh1+ 116. Kg3 Qg1+ 117. Kf3 Qf1+ 118. Qf2
Qh3+ 119. Kf4 Qc3 120. Qe2 Qd4+ 121. Kf3 Qc3+ 122. Kg2 Qc6+ 123. Qf3 Qc2+ 124.
Kg3 Qc7+ 125. Kh3 Qe5 126. Qd3 Qf4 127. f6+ Kh8 128. fxg7+ Kxg7 129. Qg6+ Kf8
130. Qf5+ Qxf5 131. gxf5 Ke7 132. Kg3 Kd6 133. f6 Ke6 134. Kf4 Kxf6 135. Kg4
Kg7 136. Kf5 Kh7 137. Kf6 Kh8 138. Kf7 Kh7 139. Kf6 Kh8 140. Kf7 Kh7 141. Kf6
Kh8 {Game drawn by repetition} 1/2-1/2

[Event "ICS rated blitz match"]
[Site "204.178.125.65"]
[Date "2001.01.14"]
[Round "?"]
[White "Hossa"]
[Black "PostModernist"]
[Result "1-0"]
[WhiteElo "2563"]
[BlackElo "2562"]
[PlyCount "129"]
[EventDate "2001.??.??"]

1. e4 e5 2. Nf3 Nc6 3. Bb5 a6 4. Ba4 d6 5. O-O Nge7 6. c3 Bd7 7. d4 Ng6 8. Bg5
Be7 9. Bxe7 Qxe7 10. d5 Nd8 11. Nbd2 O-O 12. Bxd7 Qxd7 13. Ng5 Nf4 14. Nc4 f6
15. Nf3 f5 16. Qc2 fxe4 17. Qxe4 Qg4 18. Nfd2 b5 19. Ne3 Nh3+ 20. Kh1 Qe2 21.
gxh3 Qxd2 22. f4 exf4 23. Rxf4 Rxf4 24. Qxf4 Qxb2 25. Rf1 h6 26. Nf5 Qe2 27.
Rg1 Nf7 28. Rxg7+ Kh8 29. Nd4 Qe5 30. Rxf7 Qxd5+ 31. Qf3 Qxf3+ 32. Nxf3 Re8 33.
Rxc7 Re2 34. Nd4 Rxa2 35. Nf5 h5 36. Nxd6 Kg8 37. Ra7 Ra1+ 38. Kg2 Ra2+ 39. Kg3
Ra4 40. h4 Kh8 41. Kf3 Rxh4 42. Rxa6 Rxh2 43. Nxb5 Kh7 44. Rc6 Rh1 45. Nd4 Kg7
46. Nf5+ Kf7 47. Ng3 Rh2 48. Rh6 h4 49. Ne4 Kg7 50. Rh5 Kf8 51. Nf2 Ke7 52. Rh6
Kf7 53. Rb6 Kg7 54. Rd6 Kf7 55. Rh6 Kg7 56. Ra6 Kf7 57. Rd6 Kg7 58. c4 Kf7 59.
c5 Ke7 60. Rd1 h3 61. Rg1 Ke6 62. Kg3 Kd5 63. Kxh2 Kc6 64. Kxh3 Kd5 65. c6 {
PostModernist resigns} 1-0

[Event "ICS Rated blitz match"]
[Site "204.178.125.65"]
[Date "2001.01.14"]
[Round "?"]
[White "PostModernist"]
[Black "Hossa"]
[Result "1-0"]
[WhiteElo "2550"]
[BlackElo "2579"]
[PlyCount "165"]
[EventDate "2001.??.??"]

1. e4 c5 2. c3 Nf6 3. e5 Nd5 4. d4 cxd4 5. Nf3 Nc6 6. cxd4 d6 7. Bc4 Nb6 8. Bb3
dxe5 9. d5 Na5 10. Nc3 Nxb3 11. Qxb3 f6 12. Be3 g6 13. a4 Bg7 14. O-O O-O 15.
d6+ Rf7 16. Nb5 Bg4 17. Nxa7 Nc8 18. Nxc8 Bxc8 19. dxe7 Qxe7 20. Rfc1 Be6 21.
Qc3 Bd5 22. Nd2 Qe6 23. a5 Rd7 24. Qb4 Bf8 25. Qb5 Qg4 26. f3 Qe6 27. Ne4 Bc6
28. Nc5 Bxc5 29. Qxc5 Qb3 30. a6 Qxb2 31. Rcb1 Qe2 32. axb7 Rb8 33. Ra8 Rd1+
34. Rxd1 Qxd1+ 35. Kf2 Rxa8 36. bxa8=Q+ Bxa8 37. Qc8+ Kf7 38. Qxa8 g5 39. Qc8
h5 40. Qf5 Kg7 41. h4 gxh4 42. Qxh5 Qc2+ 43. Kg1 Qd1+ 44. Kh2 Qd3 45. Bh6+ Kg8
46. Kh3 Qb1 47. Qg4+ Kf7 48. Qg7+ Ke6 49. Qg8+ Kd7 50. Qg4+ Ke7 51. Kxh4 Qh1+
52. Qh3 Qd1 53. Kg3 Qe1+ 54. Kh2 Qb4 55. Be3 Qc3 56. Qh7+ Kd6 57. Bb6 Qc8 58.
Qg7 Ke6 59. Qg4+ f5 60. Qg6+ Kd5 61. Qf7+ Kd6 62. Ba5 Qc2 63. Bb4+ Kc6 64. Qe8+
Kd5 65. Qd7+ Kc4 66. Qc7+ Kb3 67. Qxc2+ Kxc2 68. g4 e4 69. gxf5 e3 70. f6 Kd3
71. f7 Kc4 72. f8=Q Kb3 73. Qf4 e2 74. Qe3+ Ka4 75. Qxe2 Kb3 76. f4 Kxb4 77.
Qd3 Kc5 78. f5 Kc6 79. f6 Kc7 80. f7 Kc8 81. f8=Q+ Kb7 82. Qfd6 Kc8 83. Q3a6# {
Hossa checkmated} 1-0

[Event "ICS rated blitz match"]
[Site "204.178.125.65"]
[Date "2001.01.14"]
[Round "?"]
[White "N-DeFirmian"]
[Black "Hossa"]
[Result "0-1"]
[WhiteElo "2518"]
[BlackElo "2577"]
[PlyCount "36"]
[EventDate "2001.??.??"]

1. e4 e5 2. Ne2 Nf6 3. Nbc3 Bc5 4. h3 O-O 5. g3 c6 6. Bg2 d5 7. exd5 cxd5 8. d4
exd4 9. Nxd4 Nc6 10. Be3 Nxd4 11. Bxd4 Re8+ 12. Ne2 Bxd4 13. Qxd4 Bf5 14. c3
Qe7 15. Bf3 Qd6 16. O-O-O Qa6 17. g4 Be4 18. Bxe4 Rxe4 {N-DeFirmian resigns}
0-1

[Event "ICS rated blitz match"]
[Site "204.178.125.65"]
[Date "2001.01.14"]
[Round "?"]
[White "Hossa"]
[Black "N-DeFirmian"]
[Result "1-0"]
[WhiteElo "2590"]
[BlackElo "2505"]
[PlyCount "67"]
[EventDate "2001.??.??"]

1. e4 d6 2. d4 e6 3. Nc3 Nd7 4. Nf3 g6 5. Bd3 Bg7 6. O-O Ne7 7. Be3 O-O 8. Qd2
b6 9. Bh6 Bb7 10. Bxg7 Kxg7 11. Qf4 a6 12. Bc4 h6 13. Rfe1 Nc6 14. a3 e5 15.
Qd2 Nxd4 16. Nxd4 exd4 17. Qxd4+ Qf6 18. Qd2 Rfe8 19. Bd5 c6 20. Ba2 Rad8 21.
Rad1 Nc5 22. Re3 Rd7 23. b4 Ne6 24. e5 Qg5 25. Ne4 Qxe5 26. Nxd6 Rxd6 27. Qxd6
Qf6 28. Bxe6 fxe6 29. Qc7+ Re7 30. Qxb6 h5 31. Rf3 Qe5 32. Qd8 Qc7 33. Qf8+ Kh7
34. Rd8 {N-DeFirmian resigns} 1-0

[Event "ICS rated blitz match"]
[Site "204.178.125.65"]
[Date "2001.01.14"]
[Round "?"]
[White "Hossa"]
[Black "ChesterX"]
[Result "0-1"]
[WhiteElo "2613"]
[BlackElo "2626"]
[PlyCount "130"]
[EventDate "2001.??.??"]

1. d4 Nf6 2. c4 g6 3. Nc3 d5 4. cxd5 Nxd5 5. e4 Nxc3 6. bxc3 Bg7 7. Nf3 c5 8.
Bb5+ Nd7 9. O-O O-O 10. Bf4 a6 11. Bd3 cxd4 12. cxd4 Nc5 13. Bc2 Ne6 14. Be3
Nc7 15. Qb1 b5 16. Ne5 Qd6 17. Qb2 Bb7 18. Rac1 Rac8 19. Bb1 Ne6 20. Rxc8 Rxc8
21. a4 Rd8 22. Ba2 Bxe4 23. axb5 axb5 24. Bxe6 Qxe6 25. Qxb5 Bd5 26. Qb2 Rc8
27. Rc1 Rxc1+ 28. Bxc1 h5 29. Qb8+ Kh7 30. Ba3 f6 31. Nf3 Qe2 32. Bb4 Bxf3 33.
gxf3 Qxf3 34. Qa7 h4 35. Qxe7 h3 36. Kf1 Qd1+ 37. Be1 Qxd4 38. Qa3 Qc4+ 39. Kg1
Qe6 40. Kf1 Bh6 41. Qa7+ Kg8 42. Qa8+ Bf8 43. Bd2 g5 44. Qb8 Qd6 45. Qxd6 Bxd6
46. f4 f5 47. Kf2 Kf7 48. Kg3 g4 49. Bc3 Kg6 50. Bd4 Be7 51. Bg1 Bb4 52. Be3
Be1+ 53. Bf2 Bxf2+ 54. Kxf2 Kh6 55. Kg1 Kh5 56. Kf2 Kh4 57. Kf1 g3 58. Ke2 gxh2
59. Kd2 h1=Q 60. Kc3 Qc1+ 61. Kd4 h2 62. Kd5 h1=Q+ 63. Ke6 Qc7 64. Kf6 Qhc6+
65. Kxf5 Qa5# {Hossa checkmated} 0-1

[Event "ICS rated blitz match"]
[Site "204.178.125.65"]
[Date "2001.01.14"]
[Round "?"]
[White "Tinker"]
[Black "Hossa"]
[Result "0-1"]
[WhiteElo "2474"]
[BlackElo "2598"]
[PlyCount "128"]
[EventDate "2001.??.??"]

1. c4 e5 2. Nc3 d6 3. d4 exd4 4. Qxd4 Nc6 5. Qd2 Nf6 6. Nf3 Be7 7. e4 O-O 8.
Nd4 Nxd4 9. Qxd4 Ng4 10. Nd5 Re8 11. Be2 Ne5 12. O-O Bf8 13. Be3 c6 14. Nf4 Bd7
15. b4 Qc7 16. Bd2 Be7 17. Qe3 b6 18. Qg3 f5 19. Nh5 g6 20. exf5 Bxf5 21. f4
Nf7 22. Rae1 d5 23. cxd5 cxd5 24. Bc3 Qc6 25. a3 Nd6 26. Bf3 Ne4 27. Bxe4 dxe4
28. Be5 Rac8 29. Ng7 Rf8 30. Nxf5 Rxf5 31. Qb3+ Rf7 32. Re3 a6 33. Rfe1 Qb5 34.
Qb2 Qa4 35. Rxe4 Rc2 36. Qb1 Rd2 37. Bc3 Rd8 38. Qb2 Rd1 39. Rxd1 Qxd1+ 40. Re1
Qd5 41. Qf2 Qb3 42. Bb2 a5 43. Ra1 axb4 44. axb4 Bxb4 45. Bd4 b5 46. Qe2 Qd5
47. Qe8+ Rf8 48. Qe5 Qxe5 49. fxe5 Rf4 50. Bb6 Kf7 51. Ra7+ Ke6 52. Rxh7 Kxe5
53. Bc7+ Bd6 54. Re7+ Kd5 55. Bxd6 Kxd6 56. Re3 Rf6 57. Re2 b4 58. Rb2 Kc5 59.
g3 Kc4 60. Rc2+ Kd3 61. Rg2 Rc6 62. Rb2 Rc1+ 63. Kg2 Rc2+ 64. Kf1 Rxb2 {
Tinker resigns} 0-1

[Event "ICS rated blitz match"]
[Site "204.178.125.65"]
[Date "2001.01.14"]
[Round "?"]
[White "Hossa"]
[Black "Tinker"]
[Result "1/2-1/2"]
[WhiteElo "2609"]
[BlackElo "2463"]
[PlyCount "224"]
[EventDate "2001.??.??"]

1. e4 c5 2. c3 d5 3. exd5 Qxd5 4. d4 Nc6 5. Nf3 cxd4 6. cxd4 e5 7. Nc3 Bb4 8.
Bd2 Bxc3 9. Bxc3 e4 10. Ne5 Nxe5 11. dxe5 Ne7 12. Qxd5 Nxd5 13. Bd4 O-O 14. Bc5
Re8 15. Bd6 Be6 16. Rd1 Rac8 17. Kd2 Red8 18. h4 Rc6 19. Be2 f6 20. Bb5 Rb6 21.
a4 a6 22. Bc4 fxe5 23. Bxe5 Rc6 24. b3 b5 25. axb5 axb5 26. Be2 Nc3+ 27. Ke3
Nxd1+ 28. Rxd1 Rxd1 29. Bxd1 Rc1 30. Kd2 Rc5 31. Bd4 Rc8 32. b4 Bd5 33. Bc5 e3+
34. fxe3 Bxg2 35. Bb3+ Kh8 36. Bc2 Re8 37. Bd3 Bc6 38. Kc3 Kg8 39. e4 h6 40.
Be3 Kf7 41. Kd4 Rd8+ 42. Kc3 Ke6 43. h5 Ke5 44. Bf2 Bxe4 45. Bxb5 Rc8+ 46. Bc5
Bf3 47. Bd7 Rg8 48. Bd4+ Kd6 49. Bb5 Bxh5 50. Bc5+ Ke5 51. Bd4+ Kf4 52. Bc4 Rc8
53. Bc5 g5 54. Be6 Rc6 55. Bd5 Rc7 56. Bc4 Ke5 57. Bd4+ Ke4 58. Bb6 Rc8 59. Bc5
Bg4 60. Ba6 Rc7 61. Kd2 h5 62. Bd3+ Ke5 63. Ke3 h4 64. Bd4+ Ke6 65. Bc5 Rd7 66.
Bb5 Rd8 67. Bc4+ Ke5 68. Bd3 h3 69. Bb6 Rd7 70. Be4 Be6 71. Ba5 g4 72. b5 Bf5
73. Bc6 Rd3+ 74. Ke2 g3 75. Bb6 Kd6 76. Be3 Rxe3+ 77. Kxe3 Bd7 78. Be4 Bg4 79.
b6 Kd7 80. b7 Kc7 81. Bc6 Kb8 82. Be4 Bd1 83. Bf5 g2 84. Kf2 h2 85. Kxg2 h1=Q+
86. Kxh1 Kc7 87. Be4 Be2 88. Bc6 Bf1 89. Kg1 Bd3 90. Kf2 Bc2 91. Ke3 Bd1 92.
Kd2 Bb3 93. Kc3 Ba2 94. Kb2 Bc4 95. Kb1 Be2 96. Bd5 Bf1 97. Kb2 Bd3 98. Kb3 Bf1
99. Bc6 Bd3 100. Kc3 Bf1 101. Kb4 Bd3 102. Kb3 Bf1 103. Bd5 Bd3 104. Kc3 Bf1
105. Kb4 Bd3 106. Bc6 Bf1 107. Kc3 Bh3 108. Be4 Bg4 109. Kb4 Be2 110. Kb3 Bf1
111. Kb2 Bd3 112. Bxd3 Kxb7 {
Game drawn because neither player has mating material} 1/2-1/2

[Event "ICS rated blitz match"]
[Site "204.178.125.65"]
[Date "2001.01.14"]
[Round "?"]
[White "Tinker"]
[Black "Hossa"]
[Result "0-1"]
[WhiteElo "2469"]
[BlackElo "2603"]
[PlyCount "98"]
[EventDate "2001.??.??"]

1. e4 e5 2. Nf3 Nf6 3. Nxe5 d6 4. Nf3 Nxe4 5. d4 d5 6. Bd3 Bd6 7. O-O O-O 8. c4
c6 9. Nc3 Nxc3 10. bxc3 dxc4 11. Bxc4 Bg4 12. Qd3 Qc7 13. Ng5 g6 14. Qe4 Bf5
15. Qh4 h5 16. Be3 Nd7 17. Be2 Nf6 18. Bd2 Rae8 19. Bc4 b5 20. Bb3 Ng4 21. h3
Nh6 22. Nf3 Kg7 23. Rae1 Ng8 24. d5 c5 25. a4 Bd3 26. axb5 Bxf1 27. Rxf1 Nf6
28. Ng5 Qb7 29. c4 Qe7 30. Bc3 Kg8 31. Ra1 Bb8 32. Nf3 Ne4 33. Qxe7 Rxe7 34.
Bb2 Rfe8 35. Bc1 Bd6 36. Ra6 Bc7 37. Be3 Bb6 38. Bf4 f6 39. Bh6 g5 40. h4 g4
41. Nd2 Kh7 42. Be3 Nxd2 43. Bxd2 Re2 44. Bc3 Kg7 45. Ra1 g3 46. f3 R8e3 47.
Rf1 Rxc3 48. Bd1 Rd2 49. f4 Rxc4 {Tinker resigns} 0-1

[Event "ICS rated blitz match"]
[Site "204.178.125.65"]
[Date "2001.01.14"]
[Round "?"]
[White "Hossa"]
[Black "Tinker"]
[Result "0-1"]
[WhiteElo "2613"]
[BlackElo "2459"]
[PlyCount "204"]
[EventDate "2001.??.??"]

1. e4 e5 2. Nf3 Nc6 3. Bb5 a6 4. Ba4 Nf6 5. O-O Be7 6. Re1 b5 7. Bb3 O-O 8. c3
d6 9. h3 Nb8 10. d4 Nbd7 11. Nbd2 Bb7 12. Bc2 Re8 13. Nf1 Bf8 14. Ng3 g6 15.
Bg5 h6 16. Bd2 exd4 17. cxd4 c5 18. d5 Nb6 19. Qc1 h5 20. Bh6 Nh7 21. Bxf8 Rxf8
22. Qh6 Qf6 23. e5 Qg7 24. Qxg7+ Kxg7 25. exd6 Bxd5 26. Nd2 Rad8 27. Nge4 c4
28. Rad1 Nc8 29. d7 Rxd7 30. Nc5 Rd6 31. Nb1 b4 32. Rd4 Rfd8 33. b3 cxb3 34.
axb3 a5 35. Re2 Nf8 36. Nd2 Ne6 37. Nxe6+ Bxe6 38. Rxd6 Nxd6 39. Nf3 Nb5 40.
Re5 Na3 41. Be4 Bxb3 42. Rxa5 Rd6 43. Rc5 Be6 44. Rc7 b3 45. Rb7 Kf6 46. g4
hxg4 47. hxg4 g5 48. Kg2 Nc2 49. Rb8 Nd4 50. Rb4 Ne2 51. Rb8 Nc3 52. Bf5 Bd5
53. Rb4 Ne2 54. Be4 Bxe4 55. Rxe4 Nf4+ 56. Kg3 Rd3 57. Rb4 Rc3 58. Rb5 Rd3 59.
Rb4 Kg7 60. Rb6 Ne2+ 61. Kg2 Nf4+ 62. Kg3 f6 63. Rb7+ Kf8 64. Rh7 Ne2+ 65. Kg2
Kg8 66. Rb7 Nf4+ 67. Kg3 Rc3 68. Rb6 Ne2+ 69. Kg2 Nf4+ 70. Kg3 Kf7 71. Rb7+ Ke6
72. Rb6+ Ke7 73. Ra6 b2 74. Rb6 Ne2+ 75. Kg2 Rc2 76. Rb7+ Kd6 77. Rb8 Nf4+ 78.
Kg3 Ne2+ 79. Kg2 Kc7 80. Rb3 Nc1 81. Rb5 Nd3 82. Kg3 Re2 83. Rb3 Nxf2 84. Kg2
Nxg4+ 85. Kg3 Nh6 86. Rb4 Nf5+ 87. Kh3 Kd6 88. Rb8 Kd5 89. Kg4 Ne3+ 90. Kh5 Nc4
91. Kg6 Ke4 92. Rb3 Na5 93. Rb8 Kxf3 94. Kf5 g4 95. Kxf6 Nb3 96. Rf8 b1=Q 97.
Kg5+ Kg3 98. Kh6 Re6+ 99. Kg7 Qg6+ 100. Kh8 Qh5+ 101. Kg7 Qg5+ 102. Kf7 Qg6# {
Hossa checkmated} 0-1

[Event "ICS rated blitz match"]
[Site "204.178.125.65"]
[Date "2001.01.14"]
[Round "?"]
[White "ZChess"]
[Black "Hossa"]
[Result "1-0"]
[WhiteElo "2711"]
[BlackElo "2590"]
[PlyCount "167"]
[EventDate "2001.??.??"]

1. d4 d5 2. c4 e6 3. Nc3 Nf6 4. cxd5 exd5 5. Bg5 c6 6. e3 Be7 7. Bd3 Nbd7 8.
Nge2 Nb6 9. Qc2 h6 10. Bf4 Be6 11. O-O O-O 12. Rac1 Re8 13. Rfe1 Bd6 14. a3 Qe7
15. Bxd6 Qxd6 16. Nf4 Bg4 17. f3 Bd7 18. Qf2 Re7 19. Qg3 Nc8 20. Kh1 Be6 21.
Na4 Nd7 22. Kg1 Re8 23. Nc3 Nf6 24. Re2 Re7 25. Na4 Nd7 26. Nc5 Nf8 27. Rec2
Rc7 28. a4 Nb6 29. a5 Nbd7 30. a6 Nxc5 31. Rxc5 Rb8 32. Bb5 bxa6 33. Bxc6 Rxb2
34. Nxd5 Rxc6 35. Nf6+ Kh8 36. Rxc6 Qxg3 37. hxg3 gxf6 38. Rxa6 Re2 39. Rc3 Kg7
40. Rxa7 Rd2 41. g4 f5 42. gxf5 Bxf5 43. e4 Bh7 44. d5 Ng6 45. Rca3 Ne5 46. Ra2
Rd3 47. Kf2 Rc3 48. Ke2 Bg6 49. d6 Rc8 50. R2a5 Nc4 51. d7 Rd8 52. Rc5 Nb6 53.
Rb7 Nxd7 54. Rd5 Rc8 55. Rdxd7 Rc6 56. Ke3 h5 57. f4 h4 58. f5 Bh5 59. Kf4 Kh6
60. Rb8 Bg6 61. fxg6 Rxg6 62. Rxf7 Rg7 63. Rbb7 Rg8 64. Rh7+ Kg6 65. e5 Rf8+
66. Kg4 Rg8 67. Rbg7+ Rxg7 68. Rxg7+ Kxg7 69. Kxh4 Kf7 70. Kg3 Ke6 71. Kf4 Kf7
72. g4 Ke6 73. g5 Kf7 74. Kf5 Kf8 75. e6 Ke7 76. g6 Kf8 77. Ke5 Ke8 78. g7 Ke7
79. Kd5 Kf6 80. g8=Q Kf5 81. e7 Kf4 82. Qg1 Kf5 83. e8=Q Kf6 84. Qgg6# {
Hossa checkmated} 1-0